| 000 | 00452nam a2200145Ia 4500 | ||
|---|---|---|---|
| 008 | 230312s9999||||xx |||||||||||||| ||und|| | ||
| 020 | _a8181283163 | ||
| 082 |
_a621.3822 _bVLS |
||
| 245 | 0 | _aVLSI Design methodologies for digital signal processing architectures | |
| 260 |
_bSpringer _aIndia _c1994 |
||
| 300 | _a399 | ||
| 546 | _aEng. | ||
| 650 |
_aEngineering _vHigh level synthesis system, High performance architecture, Vision atomata |
||
| 942 | _cBK | ||
| 999 |
_c1439 _d1439 |
||